[Event "Titled Tuesday intern op 11th Jun Early"]
[Site "Chess.com INT"]
[Date "2024.06.11"]
[Round "2"]
[White "Kurayan, Ruslan"]
[Black "Samaganova, Alexandra"]
[Result "1-0"]
[WhiteElo "2338"]
[BlackElo "1948"]
[PlyCount "85"]
[EventDate "2024.06.11"]
[EventType "swiss (blitz)"]
[EventRounds "11"]
[EventCountry "USA"]
[SourceTitle "EXT 2025"]
[Source "ChessBase"]
[SourceDate "2024.10.14"]
[SourceVersion "1"]
[SourceVersionDate "2024.10.14"]
[SourceQuality "1"]

1. e4 e6 2. d3 d5 3. Nd2 Nf6 4. Ngf3 c5 5. g3 Nc6 6. Bg2 Be7 7. 0-0 0-0 8. Re1 b5 9. e5 Nd7 10. Nf1 b4 11. h4 a5 12. N1h2 a4 13. a3 Qc7 14. Bf4 c4 15. h5 c3 16. bxc3 bxc3 17. h6 g6 18. Ng4 Qd8 19. Qc1 Rb8 20. Bg5 Rb2 21. Re2 Ba6 22. Bf1 Nc5 23. Bxe7 Nxe7 24. Qf4 Nf5 25. Nf6+ Kh8 26. g4 Ne7 27. Nxh7 Ng8 28. Nxf8 Qxf8 29. Ng5 Nxh6 30. f3 Kg7 31. Rh2 Qh8 32. Qf6+ Kg8 33. Qxh8+ Kxh8 34. Rxh6+ Kg7 35. Rh7+ Kg8 36. Rxf7 Rxc2 37. Rc7 Nb3 38. Rb1 Rb2 39. Re1 Nd2 40. Rxc3 Nxf1 41. Rxf1 Rd2 42. Rfc1 Bxd3 43. Rc7 1-0

[Event "Titled Tuesday intern op 11th Jun Early"]
[Site "Chess.com INT"]
[Date "2024.06.11"]
[Round "7"]
[White "Sturt, Raven M"]
[Black "Kurayan, Ruslan"]
[Result "1-0"]
[WhiteElo "2459"]
[BlackElo "2338"]
[PlyCount "67"]
[EventDate "2024.06.11"]
[EventType "swiss (blitz)"]
[EventRounds "11"]
[EventCountry "USA"]
[SourceTitle "EXT 2025"]
[Source "ChessBase"]
[SourceDate "2024.10.14"]
[SourceVersion "1"]
[SourceVersionDate "2024.10.14"]
[SourceQuality "1"]

1. f4 Nf6 2. Nf3 g6 3. c4 Bg7 4. Nc3 0-0 5. e4 d6 6. Be2 c5 7. 0-0 Bg4 8. d3 Bxf3 9. Bxf3 Nc6 10. Be3 Ne8 11. Qd2 a6 12. Rae1 Rb8 13. b3 Qd7 14. Bd1 b5 15. Kh1 Nd4 16. g4 a5 17. f5 a4 18. cxb5 axb3 19. a4 Nc7 20. Bxd4 cxd4 21. Ne2 d5 22. Bxb3 dxe4 23. dxe4 d3 24. Ng3 Be5 25. Rf3 Rbd8 26. Ree3 Qd4 27. Rxd3 Qa1+ 28. Kg2 Rxd3 29. Rxd3 Ne8 30. fxg6 hxg6 31. Qh6 e6 32. Rf3 Nf6 33. Bxe6 Qb2+ 34. Kh3 1-0

[Event "Titled Tuesday intern op 07th May Early"]
[Site "Chess.com INT"]
[Date "2024.05.07"]
[Round "6"]
[White "Kurayan, Ruslan"]
[Black "Grot, Blazej"]
[Result "0-1"]
[WhiteElo "2338"]
[BlackElo "2046"]
[PlyCount "102"]
[EventDate "2024.05.07"]
[EventType "swiss (blitz)"]
[EventRounds "11"]
[EventCountry "USA"]
[SourceTitle "EXT 2025"]
[Source "ChessBase"]
[SourceDate "2024.10.14"]
[SourceVersion "1"]
[SourceVersionDate "2024.10.14"]
[SourceQuality "1"]

1. e4 c5 2. Nf3 e6 3. d4 cxd4 4. Nxd4 Nc6 5. Nc3 Nf6 6. Ndb5 Bc5 7. Nd6+ Ke7 8. Bf4 e5 9. Nf5+ Kf8 10. Bg5 Bb4 11. Bd3 d5 12. exd5 Qxd5 13. 0-0 Bxc3 14. bxc3 e4 15. Bxe4 Qxd1 16. Raxd1 Nxe4 17. Be7+ Ke8 18. Nd6+ Kxe7 19. Nxe4 Be6 20. f4 Rhd8 21. Rde1 Kf8 22. a3 h6 23. Nc5 Bc4 24. Rf2 b6 25. Ne4 Rd7 26. f5 Re8 27. f6 Bd5 28. Rf4 Rxe4 29. fxg7+ Kxg7 30. Rfxe4 Bxe4 31. Rxe4 Rd1+ 32. Kf2 Rd2+ 33. Kg3 Rxc2 34. Rc4 Ne5 35. Rc7 a5 36. Kf4 Nd3+ 37. Ke3 Nc5 38. Rc6 Rxc3+ 39. Kd4 Rxa3 40. Rxb6 Ne6+ 41. Ke4 Ra2 42. Kf3 a4 43. Ra6 a3 44. h4 Ra1 45. Kg3 a2 46. Ra4 Nc5 47. Ra3 Ne4+ 48. Kg4 Nc3 49. Rxc3 Rg1 50. Ra3 a1Q 51. Rxa1 Rxa1 0-1

[Event "Titled Tuesday intern op 07th May Early"]
[Site "Chess.com INT"]
[Date "2024.05.07"]
[Round "2"]
[White "Kurayan, Ruslan"]
[Black "Kovalenko, Igor"]
[Result "1-0"]
[WhiteElo "2338"]
[BlackElo "2674"]
[PlyCount "41"]
[EventDate "2024.05.07"]
[EventType "swiss (blitz)"]
[EventRounds "11"]
[EventCountry "USA"]
[SourceTitle "EXT 2025"]
[Source "ChessBase"]
[SourceDate "2024.10.14"]
[SourceVersion "1"]
[SourceVersionDate "2024.10.14"]
[SourceQuality "1"]

1. e4 d5 2. exd5 Qxd5 3. Nc3 Qa5 4. d4 Nf6 5. Bc4 Nc6 6. Bd2 Qb4 7. b3 Qd6 8. Nb5 Qd7 9. Bf4 e5 10. dxe5 Qe7 11. Kf1 Nxe5 12. Qd4 a6 13. Nxc7+ Qxc7 14. Bxe5 Qc6 15. Re1 Be7 16. Bd6 Be6 17. Bxe6 fxe6 18. Rxe6 0-0-0 19. Rxe7 Rxd6 20. Qa7 Nd7 21. c4 1-0

[Event "Wasselonne op 23rd"]
[Site "Wasselonne"]
[Date "2019.08.03"]
[Round "5"]
[White "Nguyen Cadoret, Nathan"]
[Black "Kurayan, Ruslan"]
[Result "0-1"]
[WhiteElo "2122"]
[BlackElo "2342"]
[PlyCount "74"]
[EventDate "2019.08.01"]
[EventType "swiss"]
[EventRounds "7"]
[EventCountry "FRA"]
[SourceTitle "CBM 191 Extra"]
[Source "ChessBase"]
[SourceDate "2019.09.30"]
[SourceVersion "1"]
[SourceVersionDate "2019.09.30"]
[SourceQuality "1"]

1. d4 Nf6 2. c4 g6 3. Nf3 Bg7 4. g3 0-0 5. Bg2 d6 6. 0-0 Nc6 7. Nc3 Bf5 8. d5 Na5 9. Nd2 c6 10. h3 cxd5 11. cxd5 Rc8 12. e4 Bd7 13. Qe2 e6 14. dxe6 Bxe6 15. Rd1 Re8 16. Qd3 Qb6 17. Qb5 Qc7 18. Nb3 Nc4 19. Nd4 Bd7 20. Qb3 a6 21. g4 b5 22. g5 Nh5 23. Nd5 Qa7 24. Ne2 Be6 25. Rb1 f5 26. Be3 Nxe3 27. Qxe3 Qf7 28. Nef4 Nxf4 29. Qxf4 fxe4 30. Qxf7+ Bxf7 31. b3 Rc5 32. Ne3 Rc6 33. Rbc1 Rxc1 34. Rxc1 d5 35. Rc6 d4 36. Nf1 e3 37. fxe3 dxe3 0-1

[Event "Bamberg op 2nd"]
[Site "Bamberg"]
[Date "2019.06.01"]
[Round "5"]
[White "Plat, Vojtech"]
[Black "Kurayan, Ruslan"]
[Result "1/2-1/2"]
[WhiteElo "2540"]
[BlackElo "2374"]
[PlyCount "115"]
[EventDate "2019.05.29"]
[EventType "swiss"]
[EventRounds "7"]
[EventCountry "GER"]
[SourceTitle "CBM 190 Extra"]
[Source "ChessBase"]
[SourceDate "2019.07.15"]
[SourceVersion "1"]
[SourceVersionDate "2019.07.15"]
[SourceQuality "1"]

1. d4 Nf6 2. c4 g6 3. g3 Bg7 4. Bg2 0-0 5. Nc3 d6 6. Nf3 Nc6 7. 0-0 Bf5 8. Re1 Ne4 9. Nd5 Bd7 10. Ng5 Nxg5 11. Bxg5 Re8 12. Be3 e6 13. Nc3 e5 14. dxe5 Nxe5 15. Bd4 c5 16. Bxe5 Bxe5 17. Qd2 Bc6 18. Bxc6 bxc6 19. Rac1 Qa5 20. b3 Bxc3 21. Rxc3 d5 22. cxd5 cxd5 23. Rec1 d4 24. R3c2 Qxd2 25. Rxd2 Re5 26. Rc4 Rb8 27. f4 Rf5 28. Ra4 Rb7 29. Ra5 h5 30. Kf2 Kg7 31. Kf3 Re7 32. Rc2 c4 33. Rxf5 cxb3 34. Rxf7+ Kxf7 35. axb3 Re3+ 36. Kf2 Rxb3 37. Rc7+ Ke6 38. Rc6+ Kf5 39. Rd6 Rb4 40. h4 Ra4 41. Rd5+ Kf6 42. Rg5 Ra2 43. Rd5 Ra4 44. g4 hxg4 45. Kg3 Ra3+ 46. Kxg4 Re3 47. Rxd4 Rxe2 48. Ra4 Rg2+ 49. Kf3 Rh2 50. Kg3 Rh1 51. Rxa7 Rg1+ 52. Kf3 Rf1+ 53. Ke3 Rh1 54. Rh7 Kf5 55. Rf7+ Ke6 56. Rh7 Kf5 57. Rf7+ Ke6 58. Rh7 1/2-1/2

[Event "Bamberg op 2nd"]
[Site "Bamberg"]
[Date "2019.05.29"]
[Round "1"]
[White "Birkner, Frank"]
[Black "Kurayan, Ruslan"]
[Result "0-1"]
[WhiteElo "1784"]
[BlackElo "2374"]
[PlyCount "92"]
[EventDate "2019.05.29"]
[EventType "swiss"]
[EventRounds "7"]
[EventCountry "GER"]
[SourceTitle "CBM 190 Extra"]
[Source "ChessBase"]
[SourceDate "2019.07.15"]
[SourceVersion "1"]
[SourceVersionDate "2019.07.15"]
[SourceQuality "1"]

1. d4 Nf6 2. c4 g6 3. g3 Bg7 4. Bg2 0-0 5. Nc3 d6 6. Nf3 Nc6 7. 0-0 Bf5 8. d5 Na5 9. Qa4 c5 10. Nd2 a6 11. e4 Bd7 12. Qc2 b5 13. Rb1 Nxc4 14. Nxc4 bxc4 15. h3 e6 16. dxe6 Bxe6 17. Rd1 Ra7 18. Bg5 h6 19. Be3 Rd7 20. f4 Qe7 21. Qf2 Rb8 22. Rd2 Rdb7 23. Re1 Qc7 24. e5 dxe5 25. fxe5 Nd7 26. Nd5 Qa5 27. Ne7+ Kh7 28. Nc6 Qxa2 29. Nxb8 Rxb8 30. b4 cxb3 31. Rxa2 bxa2 32. Be4 Nxe5 33. g4 Rb2 34. Qxb2 Nf3+ 35. Bxf3 Bxb2 36. Bxc5 a1Q 37. Rxa1 Bxa1 38. Be2 a5 39. Bb5 Bb3 40. Kf2 Bb2 41. Ke3 a4 42. Kd3 a3 43. Bxa3 Bxa3 44. Ke4 Bd6 45. Bc6 Be6 46. Kf3 Kg7 0-1

[Event "Thessaloniki Triandria op 12th"]
[Site "Thessaloniki"]
[Date "2019.05.04"]
[Round "7"]
[White "Kurayan, Ruslan"]
[Black "Yordanov, Lachezar"]
[Result "1/2-1/2"]
[WhiteElo "2374"]
[BlackElo "2278"]
[PlyCount "93"]
[EventDate "2019.04.29"]
[EventType "swiss"]
[EventRounds "9"]
[EventCountry "GRE"]
[SourceTitle "CBM 190 Extra"]
[Source "ChessBase"]
[SourceDate "2019.07.15"]
[SourceVersion "1"]
[SourceVersionDate "2019.07.15"]
[SourceQuality "1"]

1. e4 c6 2. d4 d5 3. exd5 cxd5 4. c4 Nf6 5. Nc3 Nc6 6. Bg5 dxc4 7. d5 Ne5 8. Qd4 h6 9. Bf4 Nd3+ 10. Bxd3 cxd3 11. Qxd3 a6 12. Nf3 g6 13. 0-0 Bg7 14. Rfe1 0-0 15. Rad1 Bg4 16. h3 Bxf3 17. Qxf3 Re8 18. d6 exd6 19. Rxe8+ Nxe8 20. Qxb7 Rb8 21. Qxa6 Rxb2 22. Nd5 Nf6 23. Qc4 Nxd5 24. Qxd5 Qb6 25. Qa8+ Kh7 26. Be3 Qc7 27. Qd5 Qc2 28. Kh2 Be5+ 29. f4 Bg7 30. Rd2 Qc7 31. Rxb2 Bxb2 32. a4 Bc3 33. Kg3 h5 34. Kf3 Kg8 35. Ke2 Ba5 36. Kf3 Bc3 37. Kf2 h4 38. Kf3 Kg7 39. Qb5 Kg8 40. Bf2 Bf6 41. Be3 Qc2 42. Qb8+ Kg7 43. Qxd6 Qxa4 44. Bc5 Qa8+ 45. Kf2 Qa2+ 46. Kg1 Qc4 47. Be3 1/2-1/2

[Event "Thessaloniki Triandria op 12th"]
[Site "Thessaloniki"]
[Date "2019.04.29"]
[Round "1"]
[White "Kurayan, Ruslan"]
[Black "Hidzos, Georgios"]
[Result "1-0"]
[WhiteElo "2374"]
[BlackElo "1808"]
[PlyCount "91"]
[EventDate "2019.04.29"]
[EventType "swiss"]
[EventRounds "9"]
[EventCountry "GRE"]
[SourceTitle "CBM 190 Extra"]
[Source "ChessBase"]
[SourceDate "2019.07.15"]
[SourceVersion "1"]
[SourceVersionDate "2019.07.15"]
[SourceQuality "1"]

1. e4 c5 2. Nf3 e6 3. d4 cxd4 4. Nxd4 Nc6 5. Nc3 d6 6. Be3 Nf6 7. f3 Be7 8. Qd2 0-0 9. 0-0-0 a6 10. g4 Nd7 11. h4 Nde5 12. Be2 Na5 13. g5 Nac4 14. Bxc4 Nxc4 15. Qd3 Nxe3 16. Qxe3 Re8 17. f4 Bf8 18. Qf3 b5 19. f5 b4 20. Nce2 Bb7 21. f6 Qa5 22. Rhf1 g6 23. Kb1 Qe5 24. Ng3 d5 25. exd5 Bxd5 26. Qg4 Bd6 27. Nge2 Qe4 28. Qxe4 Bxe4 29. Nb5 Be5 30. Nd6 Bxd6 31. Rxd6 Rec8 32. Rd2 a5 33. b3 Rd8 34. Rfd1 Rxd2 35. Rxd2 Bf3 36. Nd4 Bd5 37. a3 h5 38. axb4 axb4 39. Nb5 Ra5 40. Nc7 Rc5 41. Na6 Rc3 42. Nxb4 Be4 43. Rd8+ Kh7 44. Nd3 Bd5 45. Kb2 Rc7 46. Ne5 1-0

[Event "Untergrombach op 36th"]
[Site "Untergrombach"]
[Date "2019.01.04"]
[Round "4"]
[White "Kurayan, Ruslan"]
[Black "Cofman, Veaceslav"]
[Result "1-0"]
[WhiteElo "2376"]
[BlackElo "2205"]
[PlyCount "26"]
[EventDate "2019.01.02"]
[EventType "swiss"]
[EventRounds "7"]
[EventCountry "GER"]
[SourceTitle "CBM 188 Extra"]
[Source "ChessBase"]
[SourceDate "2019.02.28"]
[SourceVersion "1"]
[SourceVersionDate "2019.02.28"]
[SourceQuality "1"]

1. e4 d5 2. exd5 Nf6 3. c4 c6 4. d4 cxd5 5. Nc3 e6 6. Nf3 dxc4 7. Bxc4 Nc6 8. 0-0 Be7 9. a3 0-0 10. Qd3 b6 11. Bg5 Bb7 12. Rad1 Rc8 13. Ba2 Nb8 1-0

[Event "Zadar op-A 25th"]
[Site "Zadar"]
[Date "2018.12.19"]
[Round "6"]
[White "Kurayan, Ruslan"]
[Black "Chan, Kim Yew"]
[Result "1-0"]
[WhiteElo "2391"]
[BlackElo "2175"]
[PlyCount "135"]
[EventDate "2018.12.15"]
[EventType "swiss"]
[EventRounds "9"]
[EventCountry "CRO"]
[SourceTitle "CBM 187 Extra"]
[Source "ChessBase"]
[SourceDate "2018.11.04"]
[SourceVersion "1"]
[SourceVersionDate "2018.11.04"]
[SourceQuality "1"]

1. c4 c5 2. Nc3 g6 3. g3 Bg7 4. Bg2 Nc6 5. a3 e6 6. b4 Nxb4 7. axb4 cxb4 8. d4 bxc3 9. e3 Ne7 10. Ne2 d5 11. Qb3 0-0 12. Nxc3 dxc4 13. Qxc4 a6 14. Qb3 Rb8 15. Rxa6 bxa6 16. Qxb8 Bd7 17. Qa7 Qc8 18. 0-0 Nc6 19. Qc5 Nxd4 20. exd4 Qxc5 21. dxc5 Bxc3 22. c6 Bc8 23. c7 e5 24. Ba3 Re8 25. Rd1 Bd4 26. Rb1 Kg7 27. Rb8 Rg8 28. Bd6 a5 29. Bb7 Be6 30. Kg2 a4 31. Bc6 a3 32. Bxa3 Ba7 33. Bd6 f6 34. f3 Bxb8 35. cxb8Q Rxb8 36. Bxb8 g5 37. Be8 Bd5 38. Kf2 Kf8 39. Bh5 Ke7 40. Bg4 Kf7 41. Bf5 h6 42. Bd6 Kg7 43. Ke3 Bc4 44. Kd2 Bd5 45. Be4 Be6 46. Kc3 Kf7 47. g4 Kg7 48. Kb4 Bf7 49. Kc5 h5 50. Be7 hxg4 51. fxg4 Be6 52. Bf5 Bb3 53. Kd6 Bc4 54. Bd8 Be2 55. Ke7 Bc4 56. Ba5 Ba6 57. Be1 Be2 58. h4 gxh4 59. Bxh4 e4 60. Bxf6+ Kg8 61. g5 e3 62. Bd4 Bh5 63. Bxe3 Kg7 64. Bd4+ Kg8 65. Kf6 Be8 66. g6 Kh8 67. Ke7+ Kg8 68. Be6+ 1-0

[Event "Zadar op-A 25th"]
[Site "Zadar"]
[Date "2018.12.18"]
[Round "5"]
[White "Samani, Yamac"]
[Black "Kurayan, Ruslan"]
[Result "1/2-1/2"]
[WhiteElo "2267"]
[BlackElo "2391"]
[PlyCount "73"]
[EventDate "2018.12.15"]
[EventType "swiss"]
[EventRounds "9"]
[EventCountry "CRO"]
[SourceTitle "CBM 187 Extra"]
[Source "ChessBase"]
[SourceDate "2018.11.04"]
[SourceVersion "1"]
[SourceVersionDate "2018.11.04"]
[SourceQuality "1"]

1. e4 c5 2. Nf3 d6 3. d4 Nf6 4. Nc3 cxd4 5. Nxd4 g6 6. Be3 Bg7 7. f3 0-0 8. Qd2 Nc6 9. g4 Be6 10. Nxe6 fxe6 11. 0-0-0 Rc8 12. Bc4 Qd7 13. h4 Ne5 14. Bb3 a5 15. Na4 Rc6 16. Qxa5 Nxf3 17. Nc5 Rxc5 18. Bxc5 Nxg4 19. h5 g5 20. Kb1 Be5 21. Bb6 h6 22. Rd3 Kg7 23. a3 Rf4 24. Ka2 Nf6 25. Rf1 g4 26. Qa8 Qc6 27. Qd8 Kf7 28. Be3 Qxe4 29. Bxf4 Bxf4 30. Rc3 Nxh5 31. Rc8 Ng7 32. Qg8+ Kg6 33. Rf8 Bg5 34. Qf7+ Kh7 35. Qg8+ Kg6 36. Qf7+ Kh7 37. Qg8+ 1/2-1/2

[Event "Rochefort op-A17th"]
[Site "Rochefort"]
[Date "2018.02.17"]
[Round "7.16"]
[White "Maloberti, David"]
[Black "Kurayan, Ruslan"]
[Result "1-0"]
[WhiteElo "2152"]
[BlackElo "2374"]
[PlyCount "77"]
[EventDate "2018.02.17"]
[EventType "swiss"]
[EventRounds "9"]
[EventCountry "FRA"]
[SourceTitle "EXT 2019"]
[Source "ChessBase"]
[SourceDate "2018.10.10"]
[SourceVersion "1"]
[SourceVersionDate "2018.10.10"]
[SourceQuality "1"]

1. d4 Nf6 2. c4 g6 3. Nc3 Bg7 4. e4 d6 5. Nf3 0-0 6. Be2 e5 7. 0-0 Nc6 8. d5 Ne7 9. Ne1 Nd7 10. Be3 f5 11. f3 Nf6 12. c5 Kh8 13. Rc1 a6 14. a4 f4 15. Bf2 g5 16. a5 Rf7 17. cxd6 cxd6 18. Na4 g4 19. Nb6 Rb8 20. Qc2 g3 21. hxg3 fxg3 22. Bxg3 Bh6 23. Qc7 Qg8 24. Bh2 Nc6 25. Qxd6 Bf8 26. Qxb8 Nxb8 27. Rxc8 Nbd7 28. d6 Qg5 29. f4 Qh6 30. Nd3 Kg7 31. Rf3 Nxb6 32. Rg3+ Kh8 33. Nxe5 Rd7 34. axb6 Nxe4 35. Nxd7 Nxg3 36. Bxg3 Qe6 37. f5 Qe3+ 38. Bf2 Qxe2 39. Bd4+ 1-0